00534 2200205 4500001002100000005001700021008004100038035002400079090001500103100003000118245004900148250001000197260003400207300002500241650001300266850001500279980001300294985000600307999001500313YOGYA-0209000006089220090227035845.0 ind  0010-020900000060892 a100bAli P aALISYAHBANA, Sutan Takdir aPembimbing ke filsafatcS.Takdir Alisyahbana aCet.2 aJakartabPustaka Rakyatc1950 a113 hlmbilusc21 cm aFilsafat aYOPDYOG(B) a25-09-08 a1 ab000013003